MARC

LEADER 00000nam0a2200000 4500
001 354210
005 20240808104824.0
035 |a (RuTPU)RU\TPU\retro\11468 
090 |a 354210 
100 |a 20200617d1971 k y0rusy50 ca 
101 0 |a rus 
102 |a RU 
105 |a a z 100zy 
200 1 |a Особенности геологии и металлогении Курильской островной дуги  |e материалы к VI Всесоюзному металлогеническому совещанию по проблемам металлогении Тихоокеанского рудного пояса  |f Академия наук СССР, Дальневосточный научный центр ; Академия наук СССР, Дальневосточное отделение, Дальневосточный геологический институт ; Дальневосточный политехнический институт 
210 |a Владивосток  |c [Б. и.]  |d 1971 
215 |a 39 с.  |c ил. 
606 1 |a Рудные (металлоносные) месторождения  |2 stltpush  |3 (RuTPU)RU\TPU\subj\26025  |9 50044 
610 1 |a Курильская островная дуга 
610 1 |a геологическое строение 
610 1 |a металлогения 
610 1 |a маршруты 
610 1 |a описание 
610 1 |a совещания 
675 |a 553.3/.4(063)  |v 4 
712 0 2 |a Академия наук СССР  |b Дальневосточный научный центр  |c (Владивосток)  |c (1970-1986)  |2 stltpush  |3 (RuTPU)RU\TPU\col\328  |9 23355 
712 0 2 |a Академия наук СССР  |b Дальневосточное отделение  |b Дальневосточный геологический институт  |2 stltpush  |3 (RuTPU)RU\TPU\col\13467  |9 25683 
712 0 2 |a Дальневосточный политехнический институт  |2 stltpush  |3 (RuTPU)RU\TPU\col\6441  |9 24242 
712 1 2 |a Особенности геологии и металлогении Курильской островной дуги  |c совещание  |d 6  |e Владивосток  |f 1971 
801 1 |a RU  |b 63413507  |c 20200617 
801 2 |a RU  |b 63413507  |c 20210120  |g RCR 
942 |c BK